লোডিং...
சிறகுகள் முறியும்
| প্রধান লেখক: | |
|---|---|
| বিন্যাস: | Printed Book |
| প্রকাশিত: |
Nagercoil
Kalachuvadu
2015
|
| সংস্করন: | 4th |
| বিষয়গুলি: |
| LEADER | 00541nam a22001577a 4500 | ||
|---|---|---|---|
| 020 | |a 978-81-87477-60-0 | ||
| 082 | |a 894811301 |b AMB/S | ||
| 100 | |a Ambai |a அம்பை | ||
| 240 | |a Siragukal Muriyum | ||
| 245 | |a சிறகுகள் முறியும் | ||
| 250 | |a 4th | ||
| 260 | |a Nagercoil |b Kalachuvadu |c 2015 | ||
| 650 | |a Tamil Short Stories | ||
| 942 | |c BK | ||
| 999 | |c 316592 |d 316592 | ||
| 952 | |0 0 |1 0 |4 0 |6 894811301_000000000000000_AMB_S |7 0 |9 338601 |a TAM |b TAM |d 2020-12-03 |g 150.00 |l 0 |o 894811301 AMB/S |p TAM27290 |r 2020-12-03 |w 2020-12-03 |y BK | ||